00967nam a2200265 i 4500003000900000005001700009007000300026008004100029020001800070040003100088082000700119100004700126245010200173264004000275300004500315336002700360337003300387338002800420500006000448590002600508910001500534942001400549952012100563999001700684DO-SdBNP20240319181005.0ta240205b2021 sp a|||| |||| 00| 0 spa d a9788480174299 aDO-SdBNPbspacBNPHU erda 42221 aBaéz Evertsz, Carlos Julioeautor94628810aRosa Luxemburgos hoy :bsu legado para una izquierda democrática /cCarlos Julio Báez Evertsz aMadrid, España :bBetania,c2021. a216 páginas :bilustraciones ;c23 cm. 2rdacontentatextobtxt 2rdamediaasin mediaciónbn 2rdacarrieravolumenbnc aIncluye datos biográficos del autor en contracubierta aInventariado, 2024/BT aBtavárez 2ddccLBS1 00102ddc51708PDaBNPHUbBNPHUcCTd2024-02-05eDonaciónl0oBNPHU PD p2024-0655r2024-02-05w2024-02-05yLBS1 c55790d55790